[Event "Madrid-ch Previa-B"]
[Site "Madrid"]
[Date "2020.02.07"]
[Round "2"]
[White "Rodriguez Avila, Alvaro"]
[Black "Lopez Martinez, Antonio"]
[Result "0-1"]
[WhiteElo "1807"]
[BlackElo "1563"]
[PlyCount "110"]
[EventDate "2020.02.06"]
[EventType "swiss"]
[EventRounds "9"]
[EventCountry "ESP"]
[SourceTitle "CBM 195 Extra"]
[Source "ChessBase"]
[SourceDate "2020.05.31"]
[SourceVersion "1"]
[SourceVersionDate "2020.05.31"]
[SourceQuality "1"]

1. e4 e5 2. Bc4 d6 3. Nc3 c6 4. d3 Be7 5. f4 Nf6 6. Nf3 exf4 7. Bxf4 d5 8. exd5 cxd5 9. Bb3 Be6 10. 0-0 a6 11. Nd4 Bc5 12. Be3 Nc6 13. Nce2 Ng4 14. Qd2 0-0 15. Nf5 Nxe3 16. Nxe3 Bg4 17. Kh1 Bxe3 18. Qxe3 Re8 19. Qf4 Bxe2 20. Qxf7+ Kh8 21. Rfe1 Re7 22. Qxd5 Qxd5 23. Bxd5 Rae8 24. Kg1 Nb4 25. Bb3 Nc6 26. Bd5 Nd4 27. Bb3 Nxb3 28. axb3 Bg4 29. Kf2 Rxe1 30. Rxe1 Rxe1 31. Kxe1 Kg8 32. Kd2 Kf7 33. Ke3 Ke6 34. b4 Kd6 35. Kd4 Be6 36. b3 Bd5 37. g3 Bf3 38. c4 Bd1 39. Kc3 Ke5 40. h3 g5 41. Kd2 Bf3 42. Ke3 Bc6 43. d4+ Kd6 44. h4 gxh4 45. gxh4 Bd7 46. Ke4 Bg4 47. c5+ Kd7 48. Ke5 Bd1 49. b5 Bxb3 50. c6+ bxc6 51. bxa6 Kc7 52. a7 Kb7 53. Kd6 Bd5 54. h5 Kxa7 55. Kc5 h6 0-1

[Event "Madrid-ch Previa-B"]
[Site "Madrid"]
[Date "2020.02.06"]
[Round "1"]
[White "Lopez Martinez, Antonio"]
[Black "Garcia Serrano, Jose Manuel1111"]
[Result "0-1"]
[WhiteElo "1563"]
[BlackElo "1863"]
[PlyCount "54"]
[EventDate "2020.02.06"]
[EventType "swiss"]
[EventRounds "9"]
[EventCountry "ESP"]
[SourceTitle "CBM 195 Extra"]
[Source "ChessBase"]
[SourceDate "2020.05.31"]
[SourceVersion "1"]
[SourceVersionDate "2020.05.31"]
[SourceQuality "1"]

1. e4 e5 2. Nf3 Nc6 3. Bb5 a6 4. Ba4 Nf6 5. d3 b5 6. Bb3 h6 7. c3 Bc5 8. 0-0 Bb6 9. Be3 Rb8 10. Bxb6 Rxb6 11. Nbd2 d6 12. Re1 Bg4 13. Nf1 Rb8 14. Ng3 Ne7 15. h3 Bd7 16. d4 Ng6 17. Nf5 Kf8 18. Ne3 Qe8 19. Kh2 Nf4 20. Ng1 h5 21. Nf1 g5 22. g3 Ng4+ 23. Qxg4 hxg4 24. gxf4 gxf4 25. f3 Qe7 26. fxg4 Bxg4 27. Bd1 Bxh3 0-1

[Event "Madrid-ch Previa-B"]
[Site "Madrid"]
[Date "2017.02.11"]
[Round "5"]
[White "Perdiguero Herreros, Alejandro"]
[Black "Lopez Martinez, Antonio"]
[Result "0-1"]
[WhiteElo "1409"]
[BlackElo "1648"]
[PlyCount "118"]
[EventDate "2017.02.02"]
[EventType "swiss"]
[EventRounds "9"]
[EventCountry "ESP"]
[SourceTitle "EXT 2018"]
[Source "ChessBase"]
[SourceDate "2017.10.13"]
[SourceVersion "1"]
[SourceVersionDate "2017.10.13"]
[SourceQuality "1"]

1. e4 e5 2. Nf3 d6 3. Bc4 Be7 4. c3 Nf6 5. d3 c6 6. Qb3 0-0 7. Ng5 Qe8 8. Be3 h6 9. Nf3 Nbd7 10. 0-0 b5 11. Bxb5 cxb5 12. Qxb5 a6 13. Qc4 Bb7 14. Nbd2 Qc8 15. Qb4 Nc5 16. Qc4 Ne6 17. Qb3 Qd7 18. Qc2 Qc7 19. Rfd1 d5 20. exd5 Nxd5 21. Nf1 Bf6 22. c4 Nxe3 23. Nxe3 Bxf3 24. gxf3 Nd4 25. Nd5 Nxc2 26. Nxc7 Ra7 27. Rac1 Nd4 28. Nd5 Bg5 29. Rc3 Ne2+ 30. Kg2 Nxc3 31. Nxc3 Rd8 32. Nd5 Bf4 33. Kh3 Rd6 34. Re1 f6 35. Re2 Kf7 36. Rc2 Ke6 37. Re2 Kd7 38. Rc2 Kc6 39. b4 a5 40. Rb2 axb4 41. Nxb4+ Kc5 42. Nd5 Kd4 43. Nb4 Ra8 44. Rb3 Bd2 45. Nc2+ Kc5 46. Rb5+ Kc6 47. Rb3 Rxa2 48. Nb4+ Bxb4 49. Rxb4 Rxd3 50. c5 Rdd2 51. Rg4 Rxf2 52. Kg3 Rg2+ 53. Kh3 Rxg4 54. Kxg4 Rg2+ 55. Kh3 Rg1 56. Kh4 Kxc5 57. Kh3 f5 58. Kh4 e4 59. fxe4 fxe4 0-1

[Event "Madrid-ch Previa-B"]
[Site "Madrid"]
[Date "2017.02.10"]
[Round "4"]
[White "Lopez Martinez, Antonio"]
[Black "Martinez Pascual, Gonzalo"]
[Result "1-0"]
[WhiteElo "1648"]
[BlackElo "1493"]
[PlyCount "67"]
[EventDate "2017.02.02"]
[EventType "swiss"]
[EventRounds "9"]
[EventCountry "ESP"]
[SourceTitle "EXT 2018"]
[Source "ChessBase"]
[SourceDate "2017.10.13"]
[SourceVersion "1"]
[SourceVersionDate "2017.10.13"]
[SourceQuality "1"]

1. e4 c6 2. d4 d5 3. Nc3 dxe4 4. Nxe4 Nd7 5. Bc4 Ngf6 6. f3 Nb6 7. Bb3 Bf5 8. Ng3 Bg6 9. N1e2 e6 10. 0-0 Bd6 11. Nf4 Qc7 12. Nxg6 hxg6 13. f4 0-0-0 14. Qf3 Nfd5 15. c4 Nxc4 16. Bxc4 Rh4 17. Bxd5 exd5 18. Ne2 Rdh8 19. h3 Re8 20. g3 Rxh3 21. Qg4+ Qd7 22. Qxd7+ Kxd7 23. Kg2 Reh8 24. Kf3 Ke6 25. Be3 Kf5 26. Ng1 Rh2 27. g4+ Ke6 28. Rf2 Rh1 29. Raf1 Be7 30. Re2 Bd6 31. Bf2+ Kf6 32. Ree1 Bb4 33. g5+ Kf5 34. Re5# 1-0